Normal view
MARC view
Entry Personal Name
001 - CONTROL NUMBER
- control field: 81635
003 - CONTROL NUMBER IDENTIFIER
- control field: OSt
005 - DATE AND TIME OF LATEST TRANSACTION
- control field: 20221221161359.0
008 - FIXED-LENGTH DATA ELEMENTS
- fixed length control field: 221221|| aca||aabn | a|a d
040 ## - CATALOGING SOURCE
- Original cataloging agency: OSt
- Transcribing agency: OSt
100 ## - HEADING--PERSONAL NAME
- Personal name: Chatterji,Suniti Kumar
670 ## - SOURCE DATA FOUND
- Source citation: Work cat.: (OSt)65790: Chatterji,Suniti Kumar, The Cultural Heritage Of India, 2013









